|
|
|
|
| LEADER |
00000nam0a2200000 4500 |
| 001 |
281337 |
| 005 |
20231101235407.0 |
| 020 |
|
|
|a RU
|b 86-70798
|
| 035 |
|
|
|a (RuTPU)RU\TPU\book\305047
|
| 090 |
|
|
|a 281337
|
| 100 |
|
|
|a 20150121d1986 m y0rusy5003 ca
|
| 101 |
0 |
|
|a rus
|
| 102 |
|
|
|a BY
|
| 105 |
|
|
|a y j 001zy
|
| 200 |
1 |
|
|a Охрана природы
|e учебное пособие
|f Л. В. Гетов, А. В. Сычева
|
| 210 |
|
|
|a Минск
|c Вышэйшая школа
|d 1986
|
| 215 |
|
|
|a 240 с.
|
| 320 |
|
|
|a Библиогр.: с. 232-236 (121 назв.)
|
| 320 |
|
|
|a Предм. указ.: с. 237-238
|
| 606 |
1 |
|
|a Охрана окружающей среды в целом
|2 stltpush
|3 (RuTPU)RU\TPU\subj\38949
|9 59193
|
| 610 |
1 |
|
|a экология
|
| 610 |
1 |
|
|a окружающая среда
|
| 610 |
1 |
|
|a охрана
|
| 610 |
1 |
|
|a человек
|
| 610 |
1 |
|
|a земельные ресурсы
|
| 610 |
1 |
|
|a рациональное использование
|
| 610 |
1 |
|
|a водные ресурсы
|
| 610 |
1 |
|
|a атмосферный воздух
|
| 610 |
1 |
|
|a строительство
|
| 610 |
1 |
|
|a природные ресурсы
|
| 610 |
1 |
|
|a архитектурное планирование
|
| 610 |
1 |
|
|a ландшафты
|
| 610 |
1 |
|
|a учебные пособия
|
| 675 |
|
|
|a 502.3(075.8)
|v 3
|
| 700 |
|
1 |
|a Гетов
|b Л. В.
|g Леонид Васильевич
|
| 701 |
|
1 |
|a Сычева
|b А. В.
|g Алла Васильевна
|
| 801 |
|
0 |
|a RU
|b RuMRKP
|c 19950704
|g psbo
|
| 801 |
|
1 |
|a RU
|b 63413507
|c 20150121
|
| 801 |
|
2 |
|a RU
|b 63413507
|c 20170119
|g RCR
|
| 942 |
|
|
|c BK
|